<?xml version="1.0" encoding="UTF-8"?>
<collection xmlns="http://www.loc.gov/MARC21/slim">
 <record>
  <leader>01152pam a22003135a 4500</leader>
  <controlfield tag="001">EIQ.libpla000721</controlfield>
  <controlfield tag="008">850214s1986####enka#####b####001#0#eng#d</controlfield>
  <controlfield tag="005">20060428184831.0</controlfield>
  <datafield tag="245" ind1="1" ind2="0">
   <subfield code="a">Gas chromatography in adsorption and catalysis /</subfield>
   <subfield code="c">Tadeusz Paryjczak.</subfield>
  </datafield>
  <datafield tag="260" ind1=" " ind2=" ">
   <subfield code="a">Chichester, West Sussex :</subfield>
   <subfield code="b">Ellis Horwood ;</subfield>
   <subfield code="a">New York :</subfield>
   <subfield code="b">Halsted Press,</subfield>
   <subfield code="c">1986.</subfield>
  </datafield>
  <datafield tag="300" ind1=" " ind2=" ">
   <subfield code="a">xvi, 346 p. :</subfield>
   <subfield code="b">il. ;</subfield>
   <subfield code="c">24 cm.</subfield>
  </datafield>
  <datafield tag="440" ind1=" " ind2="0">
   <subfield code="a">Ellis Horwood series in physical chemistry</subfield>
  </datafield>
  <datafield tag="500" ind1=" " ind2=" ">
   <subfield code="a">Traducción del polaco por Peter Senn.</subfield>
  </datafield>
  <datafield tag="500" ind1=" " ind2=" ">
   <subfield code="a">Traducción de: Chromatografia gazowa w badaniach adsorpcji i katalizy.</subfield>
  </datafield>
  <datafield tag="500" ind1=" " ind2=" ">
   <subfield code="a">Fe de erratas.</subfield>
  </datafield>
  <datafield tag="504" ind1=" " ind2=" ">
   <subfield code="a">Incluye referencias bibliográficas e índices.</subfield>
  </datafield>
  <datafield tag="020" ind1=" " ind2=" ">
   <subfield code="a">0853122199</subfield>
  </datafield>
  <datafield tag="100" ind1="1" ind2=" ">
   <subfield code="a">Paryjczak, Tadeusz.</subfield>
  </datafield>
  <datafield tag="082" ind1="0" ind2="0">
   <subfield code="a">543/.0896</subfield>
   <subfield code="2">19</subfield>
  </datafield>
  <datafield tag="650" ind1=" " ind2="4">
   <subfield code="a">Cromatografía de gases</subfield>
   <subfield code="x">Teoría.</subfield>
  </datafield>
  <datafield tag="650" ind1=" " ind2="4">
   <subfield code="a">Gases</subfield>
   <subfield code="x">Cromatografía.</subfield>
  </datafield>
  <datafield tag="650" ind1=" " ind2="4">
   <subfield code="a">Adsorción</subfield>
   <subfield code="x">Propiedades.</subfield>
  </datafield>
  <datafield tag="650" ind1=" " ind2="4">
   <subfield code="a">Gas chromatography</subfield>
   <subfield code="x">Theory.</subfield>
  </datafield>
  <datafield tag="650" ind1=" " ind2="4">
   <subfield code="a">Adsorption</subfield>
   <subfield code="x">Properties.</subfield>
  </datafield>
  <datafield tag="650" ind1=" " ind2="4">
   <subfield code="a">Gas</subfield>
   <subfield code="x">chromatography.</subfield>
  </datafield>
  <datafield tag="010" ind1=" " ind2=" ">
   <subfield code="a">   85000936 </subfield>
  </datafield>
  <datafield tag="040" ind1=" " ind2=" ">
   <subfield code="a">DLC</subfield>
   <subfield code="c">DLC</subfield>
   <subfield code="d">AR-BbSID</subfield>
  </datafield>
  <datafield tag="041" ind1="1" ind2=" ">
   <subfield code="a">eng</subfield>
   <subfield code="h">pol</subfield>
  </datafield>
  <datafield tag="859" ind1=" " ind2=" ">
   <subfield code="a">AR-BbSID</subfield>
   <subfield code="b">BIB. PLAPIQUI</subfield>
   <subfield code="h">541.395</subfield>
   <subfield code="i">P 21</subfield>
   <subfield code="p">3585</subfield>
  </datafield>
 </record>
</collection>
